Macchiette, lazzi, colmi e parodie /
-д хадгалсан:
| Үндсэн зохиолч: | |
|---|---|
| Бусад зохиолчид: | |
| Формат: | Ном |
| Хэл сонгох: | итали |
| Хэвлэсэн: |
Roma :
TEN,
1994
|
| Цуврал: | Centopaginemillelire ;
128 |
| Шошгууд: |
Шошго байхгүй, Энэхүү баримтыг шошголох эхний хүн болох!
|
MARC
| LEADER | 00000nam a22000007i 4500 | ||
|---|---|---|---|
| 001 | IT\ICCU\LO1\0335858 | ||
| 003 | ItRI | ||
| 005 | 20260115231935.0 | ||
| 008 | 940525s1994 it |||||| ||||| |||||c | ||
| 020 | |a 8879833626 | ||
| 040 | |b ita |c importazione bologna sebina | ||
| 041 | 7 | |a ita |2 ISO-639-2 | |
| 082 | |a 857.912 |9 SATIRA E UMORISMO ITALIANO. 1900-1945 |2 19 | ||
| 100 | 1 | |a Petrolini, Ettore |0 IT\ICCU\RAVV\081609 |4 aut | |
| 240 | 1 | 0 | |a Macchiette, lazzi, colmi e parodie |3 IT\ICCU\UBO\4587156 |9 Petrolini, Ettore |
| 245 | 1 | 0 | |a Macchiette, lazzi, colmi e parodie / |c Ettore Petrolini ; a cura di Giovanni Antonucci. |
| 260 | |a Roma : |b TEN, |c 1994 | ||
| 300 | |a 96 p. ; |c 20 cm | ||
| 700 | 1 | |a Antonucci, Giovanni, |d (1941- ) |0 IT\ICCU\CFIV\048982 |4 edt | |
| 752 | |a it |d Roma | ||
| 790 | 1 | |a Antonucci, Giovanni Antonio |3 IT\ICCU\AUFV\000484 |z Antonucci, Giovanni (1941- ) | |
| 830 | 0 | |a Centopaginemillelire ; |v 128 |0 IT\ICCU\RAV\0196182 | |
| 942 | |2 ddc |c BK |n 0 | ||
| 952 | |0 0 |1 0 |4 0 |6 DOC_857_912000000000000_PET |7 0 |9 17266 |a BO |b BO |d 2026-01-15 |i 10180 |l 0 |o DOC 857.912 PET |p BO10180 |r 2026-01-15 23:19:35 |w 2026-01-15 |x [Sebina 5] [1 v.] |y BK |z 1 v. | ||
| 999 | |c 14745 |d 14745 | ||